000 00372nam a2200157Ia 4500
008 151213s9999 xx 000 0 und d
100 _aRoger Bennett
245 _aInternational Business
_cRoger Bennett
250 _a2nd
260 _aUnited Kingdom
_c2000
300 _a2154 p.
650 _aBusiness
650 _aBusiness
700 _aRoger Bennett
999 _c1580
_d1580